000 00439nam a2200181Ia 4500
001 16587
005 20260306170320.0
008 260306t2014||||xx |||||||||||||| ||und||
041 _aESP
082 _a348.8
_bA69
100 _aArévalo Vela, Javier
_eAUT
245 0 _aNuevas instituciones del proceso laboral
260 _c2014
300 _a415 páginas :
_c25 cm.
650 _aGEN
654 _aCDE
942 _cLIB
_dJUS
_fJUS
_2ddc
_n
999 _c16587
_d16587